000 00536nam a2200217 i 4500
001 bgj
100 1 _aFULLER, Charles
245 1 0 _aA Soldier's Play :
_ba play /
_ca play by Charles Fuller.
250 _a[2nd printing].
260 _aNew York,
_c1993.
300 _a100 pp ;
_c21 cm.
490 1 _aA Mermaid Dramabook
650 9 _aDrama
830 _aA Mermaid Dramabook
020 _a0809012448
040 _cBPK
041 0 _aeng
920 _a0-8090-1244-8
942 _cKS
008 s uk f |000 0 eng
999 _c47448
_d47448